000
00247nam a22001097a 4500
999
_c
12683
_d
12683
020
_a
9780525568940
082
_a
378..16
245
_a
SAT Subject Test Biology E/M Prep
250
_a
17th
260
_a
USA
_b
Penguin Random House
_c
2019
942
_c
BK